| 000 | 01343cam a22003014a 4500 | ||
|---|---|---|---|
| 001 | 14320156 | ||
| 005 | 20070215120249.0 | ||
| 008 | 060329s2007 ohua 000 0 eng | ||
| 010 | _a 2006924824 | ||
| 020 | _a9780324361049 | ||
| 020 | _a0324361041 | ||
| 040 |
_aDLC _cDLC _dDLC |
||
| 050 | 0 | 0 |
_aHF5415.13 _b.H87 2007 |
| 082 |
_222 _a658.804 _bHUT |
||
| 100 | 1 |
_aHutt, Michael D. _913414 |
|
| 245 | 1 | 0 |
_aBusiness Marketing Management : _bB2B / _cMichael D. Hutt, Thomas W. Speh. |
| 250 | _a9e [ed.]. | ||
| 260 |
_aAustralia : _bThomson South-Western, _cc2007. |
||
| 300 |
_axxx, 658 p. : _bill. ; _c26 cm. |
||
| 504 | _aIncludes bibliographical references and indexes. | ||
| 650 | 0 |
_aIndustrial marketing _xManagement _vCase studies. _913415 |
|
| 700 | 1 |
_aSpeh, Thomas W. _913416 |
|
| 856 | 4 | 1 |
_3Table of contents only _uhttp://www.loc.gov/catdir/toc/fy0705/2006924824.html |
| 942 |
_2ddc _cBB |
||
| 999 |
_c13864 _d13864 |
||